[Event "47th Rilton Cup 2017"]
[Site "?"]
[Date "2018.01.01"]
[Round "5"]
[White "Ivanov, Sergey"]
[Black "Golikov, Daniil"]
[Result "1/2-1/2"]
[WhiteElo "2540"]
[BlackElo "2220"]
[PlyCount "170"]
[EventDate "2018.??.??"]
[EventType "swiss"]
[EventCountry "SWE"]
[SourceTitle "Stockholm"]
[TimeControl "40/5400+30:1800+30"]
[WhiteClock "0:03:04"]
[BlackClock "0:02:28"]

1. Nf3 {[%emt 0:00:00]} Nf6 {[%emt 0:00:00]} 2. c4 {[%emt 0:00:00]} e6 {[%emt 0:00:42]} 3. Nc3 {[%emt 0:00:00]} Bb4 {[%emt 0:01:43]} 4. Qc2 {[%emt 0:00:10]} c5 {[%emt 0:01:19]} 5. a3 {[%emt 0:01:15]} Bxc3 {[%emt 0:00:38]} 6. Qxc3 {[%emt 0:00:09]} Nc6 {[%emt 0:00:16]} 7. e3 {[%emt 0:02:31]} b6 {[%emt 0:02:10]} 8. Be2 {[%emt 0:01:40]} O-O {[%emt 0:02:05]} 9. O-O {[%emt 0:00:45]} Bb7 {[%emt 0:02:28]} 10. b4 {[%emt 0:01:19]} d6 {[%emt 0:05:21]} 11. Bb2 {[%emt 0:02:32]} Qe7 {[%emt 0:04:19]} 12. d4 {[%emt 0:05:42]} Rac8 {[%emt 0:08:27]} 13. bxc5 {[%emt 0:08:14]} bxc5 {[%emt 0:02:30]} 14. dxc5 {[%emt 0:17:39]} dxc5 {[%emt 0:00:15]} 15. Rfd1 {[%emt 0:00:15]} Rfd8 {[%emt 0:02:04]} 16. Rd2 {[%emt 0:03:47]} Rxd2 {[%emt 0:03:29]} 17. Nxd2 {[%emt 0:00:28]} Nb8 {[%emt 0:02:43]} 18. Nb3 {[%emt 0:02:04]} Nbd7 {[%emt 0:00:49]} 19. Rd1 {[%emt 0:03:04]} e5 {[%emt 0:07:23]} 20. Qa5 {[%emt 0:19:22]} a6 {[%emt 0:01:02]} 21. Qd2 {[%emt 0:00:32]} Rb8 {[%emt 0:07:29]} 22. Na5 {[%emt 0:01:28]} Ba8 {[%emt 0:00:45]} 23. f3 {[%emt 0:02:27]} h6 {[%emt 0:04:58]} 24. Bc3 {[%emt 0:01:33]} Rb6 {[%emt 0:03:21]} 25. h3 {[%emt 0:05:28]} Qe8 {[%emt 0:04:01]} 26. Qc2 {[%emt 0:03:10]} Qb8 {[%emt 0:02:09]} 27. Qf5 {[%emt 0:02:46]} Re6 {[%emt 0:03:18]} 28. Rb1 {[%emt 0:03:51]} Qc7 {[%emt 0:00:49]} 29. Qc2 {[%emt 0:00:26]} Rb6 {[%emt 0:01:28]} 30. Rxb6 {[%emt 0:01:08]} Qxb6 {[%emt 0:00:07]} 31. Kf2 {[%emt 0:01:01]} Qd6 {[%emt 0:02:21]} 32. Qd2 {[%emt 0:03:47]} Qxd2 {[%emt 0:01:14]} 33. Bxd2 {[%emt 0:00:06]} Kf8 {[%emt 0:00:50]} 34. g4 {[%emt 0:00:32]} Ke7 {[%emt 0:00:46]} 35. h4 {[%emt 0:00:43]} Ne8 {[%emt 0:05:01]} 36. Bc3 {[%emt 0:02:10]} Nd6 {[%emt 0:01:16]} 37. Kg3 {[%emt 0:01:15]} f6 {[%emt 0:00:53]} 38. Nb3 {[%emt 0:01:15]} Bc6 {[%emt 0:01:58]} 39. Nd2 {[%emt 0:00:22]} Nf8 {[%emt 0:01:57]} 40. f4 {[%emt 0:01:10]} exf4+ {[%emt 0:02:15]} 41. exf4 {[%emt 0:30:25]} Ne6 {[%emt 0:33:16]} 42. f5 {[%emt 0:00:00]} Nd8 {[%emt 0:00:00]} 43. Kf4 {[%emt 0:00:00]} N8f7 {[%emt 0:00:00]} 44. Bd3 {[%emt 0:00:00]} Bg2 {[%emt 0:00:00]} 45. a4 {[%emt 0:00:00]} Bc6 {[%emt 0:00:00]} 46. a5 {[%emt 0:00:00]} Kd7 {[%emt 0:00:00]} 47. Nf1 {[%emt 0:00:00]} Ba4 {[%emt 0:00:00]} 48. Ne3 {[%emt 0:00:00]} Bc6 {[%emt 0:00:00]} 49. Bc2 {[%emt 0:00:00]} Kd8 {[%emt 0:00:32]} 50. Bd3 {[%emt 0:00:00]} Kd7 {[%emt 0:00:19]} 51. Nf1 {[%emt 0:00:00]} Ba4 {[%emt 0:00:16]} 52. Ng3 {[%emt 0:00:00]} Ke7 {[%emt 0:03:52]} 53. Nh5 {[%emt 0:00:00]} Kf8 {[%emt 0:00:20]} 54. Ke3 {[%emt 0:00:00]} Bb3 {[%emt 0:03:26]} 55. Nf4 {[%emt 0:00:00]} Ne5 {[%emt 0:04:12]} 56. Bxe5 {[%emt 0:00:00]} fxe5 {[%emt 0:00:01]} 57. Ng6+ {[%emt 0:00:14]} Ke8 {[%emt 0:00:10]} 58. Nxe5 {[%emt 0:00:10]} Nb7 {[%emt 0:00:27]} 59. Ke4 {[%emt 0:02:43]} Nxa5 {[%emt 0:00:54]} 60. Kd5 {[%emt 0:00:12]} Nb7 {[%emt 0:00:25]} 61. Kc6 {[%emt 0:01:05]} Nd8+ {[%emt 0:00:22]} 62. Kxc5 {[%emt 0:00:50]} a5 {[%emt 0:00:15]} 63. Kb5 {[%emt 0:02:12]} a4 {[%emt 0:00:57]} 64. Kb4 {[%emt 0:00:15]} Ke7 {[%emt 0:01:42]} 65. c5 {[%emt 0:02:28]} Kf6 {[%emt 0:01:30]} 66. Nd7+ {[%emt 0:00:09]} Ke7 {[%emt 0:00:05]} 67. Bb5 {[%emt 0:00:20]} Bc2 {[%emt 0:01:31]} 68. Ne5 {[%emt 0:00:47]} h5 {[%emt 0:00:28]} 69. Bxa4 {[%emt 0:00:44]} Bxa4 {[%emt 0:00:30]} 70. Kxa4 {[%emt 0:00:07]} Kf6 {[%emt 0:00:07]} 71. Nd7+ {[%emt 0:01:59]} Ke7 {[%emt 0:00:01]} 72. Nb6 {[%emt 0:02:11]} hxg4 {[%emt 0:00:44]} 73. Nd5+ {[%emt 0:00:04]} Kf7 {[%emt 0:01:27]} 74. Kb5 {[%emt 0:00:12]} g3 {[%emt 0:00:13]} 75. Nf4 {[%emt 0:00:42]} Kf6 {[%emt 0:00:56]} 76. Nh5+ {[%emt 0:00:48]} Kxf5 {[%emt 0:00:05]} 77. Nxg3+ {[%emt 0:00:05]} Kg4 {[%emt 0:00:03]} 78. Ne2 {[%emt 0:00:45]} Ne6 {[%emt 0:01:34]} 79. c6 {[%emt 0:00:09]} Kf3 {[%emt 0:00:16]} 80. Kc4 {[%emt 0:02:06]} Kxe2 {[%emt 0:00:18]} 81. Kd5 {[%emt 0:00:06]} Nc7+ {[%emt 0:00:14]} 82. Kd6 {[%emt 0:01:12]} Na6 {[%emt 0:00:04]} 83. Ke7 {[%emt 0:00:34]} Kf3 {[%emt 0:01:01]} 84. Kf7 {[%emt 0:00:15]} Kg4 {[%emt 0:00:09]} 85. Kxg7 {[%emt 0:00:07]} Kxh4 {[%emt 0:00:05]} 1/2-1/2

[Event "47th Rilton Cup 2017"]
[Site "?"]
[Date "2018.01.01"]
[Round "5"]
[White "Hillarp Persson, Tiger"]
[Black "Dragnev, Valentin"]
[Result "1-0"]
[WhiteElo "2537"]
[BlackElo "2458"]
[Annotator "TA"]
[PlyCount "134"]
[EventDate "2018.??.??"]
[EventType "swiss"]
[EventCountry "SWE"]
[SourceTitle "Stockholm"]

{[%evp 9,134,0,-1,13,21,18,21,25,31,35,75,70,68,-28,-16,-47,-45,-49,-48,-57,-61,-56,-61,-89,-22,-22,-32,-19,-33,-29,-32,-34,0,0,0,0,0,0,0,0,0,0,-2,-12,7,0,0,0,0,0,6,0,0,0,32,23,19,24,25,8,8,8,158,0,0,0,0,0,0,0,0,0,0,0,0,0,8,8,8,8,258,244,134,43,139,14,326,0,0,0,0,0,0,0,0,0,0,0,0,6,7,7,7063,7,8,8,12716,11971,12676,12151,29969,6491,6132,5589,3671,1573,1548,1548,920,825,29985,29986,29986,29987,29989,29990,29993]} 1. c4 e6 2. g3 d5 3. d4 dxc4 4. Nf3 c5 5. Bg2 Nc6 {[%cal Rc5d4]} 6. Qa4 {A30: Symmetrical English: Double Fianchetto and Hedgehog} (6. Ne5 Nge7 7. Nxc6 Nxc6 8. Bxc6+ bxc6 9. Be3 cxd4 10. Qxd4 Qd5 11. f3 Bb4+ 12. Kf2 e5 13. Qd1 O-O {½-½ (47) Miroshnichenko,E (2667)-Dizdar,G (2565) Austria 2008}) 6... Qa5+ 7. Qxa5 Nxa5 8. Bd2 {The position is equal.} Nc6 9. Na3 cxd4 10. Nb5 ({But not} 10. Nxc4 $6 f6 $11) 10... Kd7 $146 ({Predecessor:} 10... f6 11. Nc7+ Kd8 12. Nxa8 e5 13. e3 d3 {1-0 (33) Schlieder,R-Pallwitz,O DDR 1961}) 11. Rc1 ({Better is} 11. Nbxd4 $14 Nxd4 12. Nxd4) 11... e5 $1 $11 12. Rxc4 f6 $1 13. O-O a6 14. Nbxd4 exd4 15. Nxd4 Nge7 16. Rfc1 {[%cal Rd4c6]} Ke8 ({Black should try} 16... Kd8 $17) 17. Nxc6 bxc6 18. Rxc6 Bb7 19. Rb6 Bxg2 20. Kxg2 Rc8 21. Rxa6 Rxc1 22. Bxc1 Nc8 23. a3 Kd7 24. b4 Bd6 25. b5 Re8 26. Be3 Kc7 27. Rc6+ Kb7 28. a4 Bc7 29. Kf3 Re7 30. h4 h5 31. Bd4 Rd7 32. e3 Ba5 33. Rc5 Nb6 34. Rxh5 Nxa4 35. Rh7 Bc3 (35... Kc8 $11) 36. Bxc3 $2 (36. Ke4 $16) 36... Nxc3 $16 {[%mdl 4096] Endgame KRN-KR} 37. h5 Rc7 (37... Nxb5 $2 38. h6 $18) 38. h6 gxh6 39. Rxh6 Rf7 40. Kf4 Nxb5 41. Kf5 Nc3 42. f3 Rg7 43. g4 Kc7 44. e4 Kd8 $2 (44... Ne2 $1 $11) 45. Kxf6 $18 Rd7 46. Rh8+ $1 {[%mdl 1024] White has strong compensation.} Kc7 47. e5 (47. Rf8 $1 $16 {[%cal Rf8f7]} Rd6+ 48. Kg7) 47... Rd4 $2 {[%mdl 8192]} (47... Rd3 $11 {and Black stays safe.}) 48. Kg5 $2 ({White has to play} 48. e6 $1 $18 {[%cal Re6e7]} Rf4+ 49. Kg5 Rxf3 50. e7 Ne4+ 51. Kg6) 48... Nd5 $11 49. Rh6 {Threatens to win with Rd6.} Kd7 50. Rd6+ Ke7 51. Kh4 {Threatening f4!} Rd1 {[#]} 52. f4 $1 {[%mdl 512]} Ne3 (52... Nxf4 53. Rxd1) 53. Rxd1 Nxd1 {KN-K3P} 54. Kg5 {Strongly threatening Kh6.} Kf7 $1 55. f5 {And now e6+ would win.} Nf2 $2 {[%mdl 8192]} (55... Nb2 $11) 56. e6+ $2 (56. Kf4 Nd3+ 57. Ke4 Nf2+ 58. Kf3 Nd3 $11) (56. Kh5 $1 $18 Nd3 57. e6+ Ke7 58. g5) 56... Ke7 57. Kh5 {Black must now prevent g5.} Nd3 $2 {[%mdl 8192]} (57... Ne4 $11) 58. g5 $18 Ne5 59. Kh6 Ng4+ 60. Kg7 (60. Kg6 $142 Ne5+ 61. Kg7 Nf3 62. f6+ Kxe6 63. g6 Nd4 64. f7 Nf5+ 65. Kh8) 60... Ne3 {[#]} 61. Kg6 $1 Nc4 {[#]} 62. Kh7 $1 Ne3 63. f6+ {[%cal Bf5f6,Bf6f7][%mdl 32]} Kxe6 64. g6 {f7 is the strong threat.} Ng4 65. f7 {White mates.} Nf6+ 66. Kg7 Nh5+ 67. Kh6 Kd5 {Precision: White = 62%, Black = 46%.} 1-0

[Event "47th Rilton Cup 2017"]
[Site "?"]
[Date "2018.01.01"]
[Round "5"]
[White "Narayanan, Srinath"]
[Black "Estremera Panos, Sergio"]
[Result "1-0"]
[WhiteElo "2532"]
[BlackElo "2339"]
[Annotator "TA"]
[PlyCount "71"]
[EventDate "2018.??.??"]
[EventType "swiss"]
[EventCountry "SWE"]
[SourceTitle "Stockholm"]

{[%evp 20,71,0,0,0,-4,0,6,0,2,-2,-38,-27,-56,-49,-46,0,0,-2,0,62,65,71,84,152,130,168,97,90,100,82,88,173,97,104,75,362,358,387,400,387,371,437,260,349,261,267,271,842,850,5389,5150,29987,29987]} 1. Nf3 c5 2. e4 e6 3. d4 cxd4 4. Nxd4 Nf6 5. Nc3 Nc6 6. a3 d6 7. Be3 Be7 8. Bc4 O-O 9. Ba2 a6 10. O-O Qc7 11. f4 {LiveBook: 10 Games} Nxd4 {B88: Sicilian: Sozin Attack} 12. Bxd4 (12. Qxd4 b5 13. Qd3 Rb8 14. Kh1 Bb7 15. f5 e5 16. Bg5 Ne8 17. Bd2 Nf6 18. Rad1 Ba8 19. Bg5 {½-½ (59) Mary,P (2534)-Rocca,H (2461) ICCF email 2009}) 12... b5 13. Kh1 Bb7 $146 {The position is equal.} ({Predecessor:} 13... e5 14. Bg1 Bb7 15. Qe2 Rac8 16. Rad1 Rfe8 17. Rd3 d5 18. fxe5 Qxe5 {1-0 (60) Voge,A (2049)-Kartsev,S (2162) Germany 2011}) 14. Qf3 a5 {next ...b4 is good for Black.} 15. b4 Rfc8 16. Qg3 axb4 17. axb4 Ra3 {[%cal Ra3c3]} 18. Bb3 Rxa1 $1 19. Rxa1 Nh5 ({Better is} 19... Qc6 $11) 20. Qf3 $14 Nf6 {Black wants to play ...e5.} 21. Nxb5 Qb8 (21... Qd8 $142) 22. Nc3 $16 e5 23. Ba7 (23. Bg1 $18) 23... Qc7 24. Nd5 $36 {[%mdl 2048] White has strong initiative.} Bxd5 25. exd5 e4 (25... Qb7 $16 {keeps fighting.}) 26. Qd1 (26. Qf1 $18) 26... Qb7 27. Qe1 {Bd4 is the strong threat.} Nd7 $2 {[%mdl 8192] [#]} (27... Ra8 $16 28. Bd4 Rxa1 29. Bxa1 Qa7) 28. Bg1 $18 ({Less strong is} 28. Qxe4 Bf6 $16) 28... Ra8 29. Rxa8+ Qxa8 30. Qxe4 Bf6 {[#]} 31. Qe3 (31. Ba4 $142 $1 {[%mdl 512]} Qd8 (31... Qxa4 32. Qe8+) 32. c4) 31... Nf8 32. b5 {[%cal Bb4b5,Bb5b6,Bb6b7][%mdl 32] Threatens to win with b6.} g6 33. Qa7 Qe8 $2 (33... Qxa7 34. Bxa7 Nd7) 34. b6 Qb5 35. b7 Nd7 36. Ba4 {Precision: White = 61%, Black = 31%.} 1-0

[Event "47th Rilton Cup 2017"]
[Site "?"]
[Date "2018.01.01"]
[Round "5"]
[White "Santos Ruiz, Miguel"]
[Black "Fedorov, Maksim"]
[Result "1/2-1/2"]
[WhiteElo "2509"]
[BlackElo "1232"]
[Annotator "TA"]
[PlyCount "117"]
[EventDate "2018.??.??"]
[EventType "swiss"]
[EventCountry "SWE"]
[SourceTitle "Stockholm"]

{[%evp 33,117,31,58,48,65,57,63,62,76,59,79,68,65,61,56,72,87,81,70,68,68,43,68,40,89,92,73,76,76,0,88,-12,-6,-6,-6,-13,0,-38,-27,-45,0,0,0,0,0,0,0,-43,-32,-57,-8,-7,-7,-8,-7,-54,-56,-68,-87,-78,-26,-23,-8,-11,0,0,0,-9,-10,-10,-11,-12,-20,-16,-25,-25,0,0,0,0,0,0,0,0,0,-18]} 1. e4 e6 2. d4 d5 3. Nc3 Bb4 4. e5 Ne7 5. a3 Bxc3+ 6. bxc3 c5 7. Qg4 cxd4 8. Qxg7 Rg8 9. Qxh7 Qc7 10. Ne2 Nbc6 {[%cal Bb8c6,Bc6a5,Ba5c4][%mdl 32]} 11. f4 Bd7 12. Qd3 dxc3 13. Nxc3 a6 14. h4 {[%cal Bh2h4,Bh4h5,Bh5h6,Bh6h7][%mdl 32]} Nf5 15. Rh3 Na5 16. Rb1 O-O-O 17. h5 Nc4 18. Rb4 {C18: French: 3 Nc3 Bb4: Main line: 7 h4 and 7 Qg4} (18. h6 Rg6 19. h7 Rh8 20. Ne2 Bb5 21. Nd4 Nxe5 22. Qd1 Bxf1 23. Kxf1 Qc4+ 24. Ne2 Qe4 25. Rbb3 Qxg2+ {0-1 (78) Karjakin,S (2727)-Grischuk,A (2728) Moscow 2008}) 18... Bc6 19. Nd1 Bb5 20. Qc3 {White is slightly better.} Kb8 21. h6 Rg6 $1 22. h7 Rh8 23. a4 Bc6 24. Nf2 Rg7 25. g4 Ne7 {[%cal Bf5e7,Be7d5,Bd5c3][%mdl 32]} 26. Bxc4 dxc4 27. Qxc4 $146 (27. Rxc4 $5 {[%cal Rc1a3]} Rgxh7 28. Rxh7 Rxh7 29. Ba3 $11) ({Predecessor:} 27. Rxc4 Rgxh7 28. Rxh7 Rxh7 {1-0 (58) Muck,C (2340)-Forslof,L (2465) ICCF email 2002}) 27... Nd5 {[#] Strongly threatening ...Qa5.} 28. Rb1 {Black must now prevent Qd3.} Rgxh7 29. Rxh7 Rxh7 30. Qxa6 Nc3 {[#]} 31. Rb3 ({White should play} 31. Rb2 $1 $16) 31... Bxa4 (31... Bd5 $1 $11 {remains equal.} 32. Rb2 (32. Qd3 Bxb3 33. Qxh7 Nd5 $11) 32... Nxa4 33. Qxa4 Qc3+ 34. Kf1 Bc4+ 35. Kg2 Bd5+ 36. Kf1 (36. Ne4 $2 f5 $19) 36... Bc4+ 37. Kg2 Bd5+ 38. Kf1 (38. Ne4 $2 f5 $19)) 32. Qd3 (32. Rb4 $16 {Threatens to win with Qd3.} Bd7 33. Be3) 32... Bxb3 $11 33. Qxh7 Nd5 34. Kd1 Qc4 35. cxb3 Qf1+ 36. Kc2 Qxf2+ 37. Bd2 Nb4+ 38. Kc1 Qc5+ 39. Kb2 Qd4+ 40. Bc3 Qf2+ {[%mdl 1024] Black has compensation.} 41. Ka3 Nc2+ 42. Ka2 Ne3+ 43. Kb1 {Threatening Qg8+.} Nd5 44. Bb2 Qxf4 45. Qh8+ Ka7 {...Qf1+ is the strong threat.} 46. Qf8 Qe4+ (46... Nb4 $17 {( -> ...Qe4+)} 47. Qc5+ Ka6 48. Qd6+ b6) 47. Ka2 Nb4+ 48. Ka3 Nc2+ 49. Ka2 Nb4+ 50. Ka3 Nd3 51. Qd6 Nxb2 52. Kxb2 Qxg4 {[%mdl 4096] Endgame KQ-KQ} 53. Qa3+ Kb6 {And now ...Qe2+ would win.} 54. Qd6+ Ka5 55. Ka3 $1 {Intending b4+ and mate.The position is equal.} Qf3 56. Qb4+ Ka6 57. Qa4+ Kb6 58. Qd4+ Kc7 59. Qd6+ {Precision: White = 77%, Black = 63%.} 1/2-1/2

[Event "47th Rilton Cup 2017"]
[Site "?"]
[Date "2018.01.01"]
[Round "5"]
[White "Thybo, Jesper Sondergaard"]
[Black "Antipov, Mikhail Al"]
[Result "0-1"]
[WhiteElo "2473"]
[BlackElo "2588"]
[Annotator "TA"]
[PlyCount "68"]
[EventDate "2018.??.??"]
[EventType "swiss"]
[EventCountry "SWE"]
[SourceTitle "Stockholm"]

{[%evp 9,68,13,30,17,17,20,29,-3,0,-4,9,0,0,4,12,3,11,-1,26,0,0,2,0,-4,0,-81,-56,-87,-104,-95,-107,-139,-113,-136,-147,-157,-164,-131,-145,-156,-150,-179,-172,-218,-229,-196,-214,-204,-204,-204,-200,-191,-187,-162,-150,-126,-123,-612,-523,-504,-504]} 1. d4 Nf6 2. c4 c6 3. Nf3 d5 4. Qc2 a6 5. g3 (5. Nc3 b5 6. cxd5 cxd5 7. Bf4 Bb7 8. e3 e6 9. Bd3 Be7 10. a4 b4 11. Ne2 O-O 12. a5 Nc6 13. Qa4 {½-½ (54) Ponkratov,P (2604)-Hovhannisyan,M (2499) Berlin 2015}) 5... Bg4 {[%cal Bc8g4,Bg4h5,Bh5g6][%mdl 32]} 6. Bg2 {D11: Slav Defence: 3 Nf3 sidelines and 3...Nf6 4 e3 Bg4} e6 7. O-O Nbd7 8. Nh4 $146 {White has an edge.} ({Predecessor:} 8. b3 Be7 9. Nc3 O-O 10. e4 dxe4 11. Nxe4 Nxe4 12. Qxe4 Nf6 {0-1 (71) Papadopoulos,N (2123)-Gogolis,A (2283) Athens 2008}) 8... Bh5 9. b3 h6 10. Bb2 g5 11. Nf3 Bg6 12. Qd1 Ne4 13. Nfd2 f5 14. Nxe4 (14. f3 $5 {[%cal Rf3e4]} Nxd2 15. Nxd2 $11) 14... fxe4 15. f3 exf3 16. exf3 Qf6 17. Nd2 (17. f4 $11 {keeps the balance.}) 17... O-O-O $17 18. Re1 h5 19. Qe2 Re8 20. a3 Nc5 21. Ne4 dxe4 22. dxc5 Bxc5+ 23. Kh1 e5 24. fxe4 h4 {[%cal Bh5h4,Bh4h3][%mdl 32] And now ...hxg3 would win.} 25. Rf1 Qe6 26. g4 {[#]} h3 $1 {[%cal Rh3g2]} 27. Bf3 Rhf8 {[%cal Bh8f8,Bf8f7,Bf7f4,Bf4g4][%mdl 32]} 28. Rad1 Rf7 29. b4 {[#]} Bd4 $1 {[%cal Rd4b2][%mdl 512]} 30. Bxd4 exd4 31. Rxd4 Rf4 32. Kg1 Ref8 {Strongly threatening ...Kc7.} 33. Qe3 $2 {[%mdl 8192] [#]} (33. Qd1 $17) 33... Qxg4+ $1 {[%mdl 512]} 34. Bxg4+ Rxg4+ {Precision: White = 44%, Black = 77%.} 0-1

[Event "47th Rilton Cup 2017"]
[Site "?"]
[Date "2018.01.01"]
[Round "5"]
[White "Das, Sayantan"]
[Black "Chigaev, Maksim"]
[Result "1/2-1/2"]
[WhiteElo "2442"]
[BlackElo "2555"]
[PlyCount "146"]
[EventDate "2018.??.??"]
[EventType "swiss"]
[EventCountry "SWE"]
[SourceTitle "Stockholm"]
[TimeControl "40/5400+30:1800+30"]
[WhiteClock "0:16:38"]
[BlackClock "0:01:42"]

1. e4 {[%emt 0:03:25]} e5 {[%emt 0:00:00]} 2. Nf3 {[%emt 0:00:22]} Nc6 {[%emt 0:00:00]} 3. Bb5 {[%emt 0:00:09]} a6 {[%emt 0:00:00]} 4. Ba4 {[%emt 0:00:19]} Nf6 {[%emt 0:00:00]} 5. O-O {[%emt 0:00:12]} Be7 {[%emt 0:00:02]} 6. d3 {[%emt 0:01:32]} d6 {[%emt 0:00:37]} 7. c4 {[%emt 0:00:28]} O-O {[%emt 0:00:30]} 8. Nc3 {[%emt 0:00:14]} Bg4 {[%emt 0:10:43]} 9. h3 {[%emt 0:04:54]} Bxf3 {[%emt 0:03:39]} 10. Qxf3 {[%emt 0:04:05]} Nd4 {[%emt 0:01:51]} 11. Qd1 {[%emt 0:11:44]} c6 12. Ne2 Nxe2+ {[%emt 0:02:50]} 13. Qxe2 {[%emt 0:00:33]} Nd7 {[%emt 0:00:43]} 14. Be3 {[%emt 0:11:12]} Bg5 {[%emt 0:01:27]} 15. Bc2 {[%emt 0:14:08]} Bxe3 {[%emt 0:01:47]} 16. fxe3 {[%emt 0:00:22]} a5 {[%emt 0:12:06]} 17. Rab1 {[%emt 0:03:40]} g6 {[%emt 0:04:16]} 18. b3 {[%emt 0:02:07]} Kg7 {[%emt 0:04:34]} 19. Qd2 {[%emt 0:03:15]} Qg5 {[%emt 0:08:27]} 20. Rf3 {[%emt 0:01:59]} b5 {[%emt 0:05:26]} 21. cxb5 {[%emt 0:04:20]} cxb5 {[%emt 0:00:07]} 22. a3 {[%emt 0:05:26]} Nc5 {[%emt 0:13:16]} 23. b4 {[%emt 0:09:41]} axb4 {[%emt 0:01:03]} 24. Qxb4 {[%emt 0:00:43]} Qd8 {[%emt 0:10:53]} 25. d4 {[%emt 0:06:07]} Ne6 {[%emt 0:00:44]} 26. dxe5 {[%emt 0:02:53]} dxe5 {[%emt 0:00:26]} 27. Rd1 {[%emt 0:01:40]} Qa5 {[%emt 0:03:42]} 28. Bb3 {[%emt 0:05:53]} Qxb4 {[%emt 0:02:04]} 29. axb4 {[%emt 0:00:01]} Ng5 {[%emt 0:00:06]} 30. Rff1 {[%emt 0:00:18]} Ra3 {[%emt 0:00:44]} 31. Bd5 {[%emt 0:02:53]} Rxe3 {[%emt 0:00:23]} 32. Rde1 {[%emt 0:00:19]} Rxe1 {[%emt 0:04:40]} 33. Rxe1 {[%emt 0:00:01]} Rd8 {[%emt 0:00:40]} 34. Rc1 {[%emt 0:00:58]} Ne6 {[%emt 0:03:40]} 35. Bxe6 {[%emt 0:00:33]} fxe6 {[%emt 0:00:03]} 36. Rc5 {[%emt 0:00:15]} Kf6 {[%emt 0:00:19]} 37. Rxb5 {[%emt 0:00:38]} Rd4 {[%emt 0:00:04]} 38. Rb7 {[%emt 0:00:19]} h5 {[%emt 0:00:26]} 39. Rb8 {[%emt 0:00:46]} Rxe4 {[%emt 0:00:14]} 40. Kf2 {[%emt 0:00:23]} h4 {[%emt 0:03:46]} 41. Rf8+ {[%emt 0:11:06]} Kg5 {[%emt 0:00:59]} 42. Rb8 {[%emt 0:04:22]} Rc4 {[%emt 0:00:57]} 43. b5 {[%emt 0:02:42]} Rb4 {[%emt 0:04:56]} 44. Ke3 {[%emt 0:02:45]} e4 {[%emt 0:00:23]} 45. b6 {[%emt 0:02:03]} Kf5 {[%emt 0:00:22]} 46. b7 {[%emt 0:01:49]} Ke5 {[%emt 0:00:11]} 47. Kf2 {[%emt 0:00:57]} Rb2+ {[%emt 0:01:04]} 48. Kf1 {[%emt 0:03:47]} g5 {[%emt 0:01:10]} 49. Ke1 {[%emt 0:02:34]} e3 {[%emt 0:00:20]} 50. Kf1 {[%emt 0:01:40]} Ke4 {[%emt 0:02:16]} 51. Re8 {[%emt 0:01:09]} Rxb7 {[%emt 0:00:40]} 52. Rxe6+ {[%emt 0:00:02]} Kf4 {[%emt 0:01:22]} 53. Rf6+ {[%emt 0:00:05]} Kg3 {[%emt 0:03:43]} 54. Rf5 {[%emt 0:00:48]} g4 {[%emt 0:01:34]} 55. hxg4 {[%emt 0:00:45]} Rb1+ {[%emt 0:01:12]} 56. Ke2 {[%emt 0:00:01]} Kxg2 {[%emt 0:00:59]} 57. g5 {[%emt 0:01:00]} Rb4 {[%emt 0:03:07]} 58. Kxe3 {[%emt 0:02:00]} h3 {[%emt 0:00:39]} 59. g6 {[%emt 0:00:19]} Rg4 {[%emt 0:01:55]} 60. Rf2+ {[%emt 0:00:11]} Kg1 {[%emt 0:00:25]} 61. Kf3 {[%emt 0:00:37]} Rxg6 {[%emt 0:00:32]} 62. Ra2 {[%emt 0:00:07]} Rg2 {[%emt 0:00:39]} 63. Ra1+ {[%emt 0:00:56]} Kh2 {[%emt 0:00:04]} 64. Ra8 {[%emt 0:00:35]} Rg3+ {[%emt 0:00:25]} 65. Kf2 {[%emt 0:00:07]} Rg7 {[%emt 0:00:08]} 66. Rh8 {[%emt 0:00:33]} Rf7+ {[%emt 0:00:50]} 67. Ke2 {[%emt 0:00:05]} Rf4 {[%emt 0:01:19]} 68. Rg8 {[%emt 0:00:32]} Ra4 {[%emt 0:00:10]} 69. Kf2 {[%emt 0:00:23]} Ra2+ {[%emt 0:00:14]} 70. Kf1 {[%emt 0:00:32]} Rg2 {[%emt 0:00:25]} 71. Rf8 {[%emt 0:00:31]} Kh1 {[%emt 0:00:08]} 72. Rf3 {[%emt 0:00:38]} h2 {[%emt 0:00:07]} 73. Rf8 {[%emt 0:00:20]} Rf2+ {[%emt 0:00:19]} 1/2-1/2

[Event "47th Rilton Cup 2017"]
[Site "?"]
[Date "2018.01.01"]
[Round "5"]
[White "Lobanov, Sergei"]
[Black "Kulaots, Kaido"]
[Result "1/2-1/2"]
[WhiteElo "2441"]
[BlackElo "2579"]
[PlyCount "96"]
[EventDate "2018.??.??"]
[EventType "swiss"]
[EventCountry "SWE"]
[SourceTitle "Stockholm"]
[TimeControl "40/5400+30:1800+30"]
[WhiteClock "0:21:28"]
[BlackClock "0:11:23"]

1. e4 {[%emt 0:00:00]} g6 {[%emt 0:00:00]} 2. d4 {[%emt 0:00:00]} Bg7 {[%emt 0:00:00]} 3. Nc3 {[%emt 0:00:00]} c6 {[%emt 0:00:18]} 4. Nf3 {[%emt 0:00:12]} d6 {[%emt 0:00:56]} 5. h3 {[%emt 0:02:52]} Nf6 {[%emt 0:00:27]} 6. Be3 {[%emt 0:01:18]} O-O {[%emt 0:04:38]} 7. Bd3 {[%emt 0:08:18]} Nbd7 {[%emt 0:08:51]} 8. Qe2 {[%emt 0:06:22]} e5 {[%emt 0:02:58]} 9. dxe5 {[%emt 0:03:07]} dxe5 {[%emt 0:00:26]} 10. Nd2 {[%emt 0:29:46]} Qe7 {[%emt 0:04:24]} 11. Nb3 {[%emt 0:01:03]} Rd8 {[%emt 0:12:49]} 12. g3 {[%emt 0:00:04]} b5 {[%emt 0:13:18]} 13. a4 {[%emt 0:00:51]} b4 {[%emt 0:04:16]} 14. Nb1 {[%emt 0:00:50]} Nf8 {[%emt 0:04:10]} 15. N1d2 {[%emt 0:00:52]} Ne6 {[%emt 0:01:49]} 16. Bc4 {[%emt 0:06:45]} c5 {[%emt 0:10:57]} 17. Bxe6 {[%emt 0:11:18]} Bxe6 {[%emt 0:00:07]} 18. Nxc5 {[%emt 0:01:16]} Rac8 {[%emt 0:00:50]} 19. Qb5 {[%emt 0:05:27]} Rxd2 {[%emt 0:08:56]} 20. Kxd2 {[%emt 0:05:07]} Rxc5 {[%emt 0:00:31]} 21. Bxc5 {[%emt 0:00:03]} Nxe4+ {[%emt 0:00:29]} 22. Ke2 {[%emt 0:00:05]} Nxc5 {[%emt 0:00:44]} 23. Qxb4 {[%emt 0:00:23]} h5 {[%emt 0:04:22]} 24. Ra3 {[%emt 0:01:44]} e4 {[%emt 0:02:03]} 25. a5 {[%emt 0:01:17]} Qc7 {[%emt 0:01:17]} 26. Rc3 {[%emt 0:01:55]} Bxc3 {[%emt 0:02:44]} 27. Qxc3 {[%emt 0:00:16]} Qc6 {[%emt 0:01:26]} 28. Rd1 {[%emt 0:02:39]} Qb5+ {[%emt 0:00:14]} 29. Ke3 {[%emt 0:00:30]} Nd7 {[%emt 0:00:21]} 30. Rd4 {[%emt 0:01:26]} Bf5 {[%emt 0:07:28]} 31. b4 {[%emt 0:06:52]} Kh7 {[%emt 0:00:38]} 32. Qc4 {[%emt 0:00:25]} Qa4 {[%emt 0:01:00]} 33. Qxf7+ {[%emt 0:00:23]} Kh6 {[%emt 0:00:06]} 34. Kd2 {[%emt 0:02:04]} e3+ {[%emt 0:01:44]} 35. Kxe3 {[%emt 0:00:03]} Qxc2 {[%emt 0:00:25]} 36. Qc4 {[%emt 0:00:45]} Qb1 {[%emt 0:00:41]} 37. Rd2 {[%emt 0:01:18]} Qe1+ {[%emt 0:01:28]} 38. Re2 {[%emt 0:00:39]} Qd1 39. Rd2 {[%emt 0:00:31]} Qe1+ {[%emt 0:00:55]} 40. Re2 {[%emt 0:00:03]} Qa1 {[%emt 0:00:37]} 41. Qf4+ {[%emt 0:30:45]} Kh7 {[%emt 0:30:17]} 42. Qd4 {[%emt 0:00:26]} Qc1+ {[%emt 0:00:00]} 43. Kf3 {[%emt 0:00:00]} Qc6+ {[%emt 0:00:00]} 44. Kf4 {[%emt 0:00:00]} Qc7+ {[%emt 0:00:00]} 45. Ke3 {[%emt 0:00:00]} Qc1+ {[%emt 0:00:00]} 46. Kf3 {[%emt 0:00:00]} Qc6+ {[%emt 0:00:00]} 47. Kf4 {[%emt 0:00:00]} Qc7+ {[%emt 0:00:00]} 48. Ke3 {[%emt 0:00:00]} Qc1+ {[%emt 0:00:00] Ke4} 1/2-1/2